Oliver twist (Record no. 37492)

MARC details
000 -LEADER
fixed length control field 00248nam a2200109Ia 4500
082 ## - DEWEY DECIMAL CLASSIFICATION NUMBER
Classification number 82-3
Item number DIC
100 ## - MAIN ENTRY--AUTHOR NAME
Personal name Dickents, Charles
245 #0 - TITLE STATEMENT
Title Oliver twist
260 ## - PUBLICATION, DISTRIBUTION, ETC. (IMPRINT)
Place of publication Hungary
Name of publisher Priory
942 ## - ADDED ENTRY ELEMENTS (KOHA)
Koha item type Books
Holdings
Withdrawn status Lost status Damaged status Not for loan Home library Current library Date acquired Full call number Accession Number Koha item type
        RRII Library RRII Library 16/12/2021 82-3 DIC 17874 Books